Instructor guide for moderm cobol programming / Wilson Price (Registro nro. 12137)
[ vista simple ]
| 000 -LÍDER | |
|---|---|
| fixed length control field | 00567nam a2200181 4500 |
| 008 - ELEMENTOS DE LONGITUD FIJA -- INFORMACIÓN GENERAL | |
| fixed length control field | 01991 0a 000 0USA |
| 020 ## - NÚMERO INTERNACIONAL NORMALIZADO PARA LIBROS | |
| ISBN | 0-07-837525-8 |
| 050 ## - SIGNATURA TOPOGRAFICA DE LA BIBLIOTECA DEL CONGRESO (LC) | |
| Número de Clasificación | QA76.5.C25 P7 |
| 082 ## - NUMERO DE CLASIFICACION DECIMAL DEWEY | |
| Número de Clasificación | 001.642.4 P667i |
| 100 ## - ASIENTO PRINCIPAL--NOMBRE PERSONAL | |
| Nombre personal | Price, Wilson |
| 245 ## - TÍTULO | |
| Título | Instructor guide for moderm cobol programming / Wilson Price |
| 250 ## - MENCIÓN DE EDICIÓN | |
| Mención de edición | 2 |
| 260 ## - PUBLICACIÓN, DISTRIBUCIÓN, ETC. (PIE DE IMPRENTA) | |
| Lugar de publicación, distribución, etc. | USA : McGraw-Hill |
| 300 ## - DESCRIPCIÓN FÍSICA | |
| Extensión | vi, 180 p. / 28 cm. |
| 500 ## - NOTA GENERAL | |
| Nota general | Incluye contenido, |
| 650 ## - ASIENTO SECUNDARIO DE MATERIA - TERMINO TEMÁTICO | |
| Término temático o nombre geográfico como elemento de entrada | 1. COBOL (LENGUAJE DE PROGRAMACION PARA COMP.) \ 2. PROGRAMACION ESTRUCTURADA |
| 700 ## - ASIENTO SECUNDARIO - NOMBRE PERSONAL | |
| Nombre personal | Olson, Jack. Coaut |
| No. biblioteca | No. biblioteca | Número de clasificación | Código de barras/Número de adquisición | Número de copia | Tipo de material |
|---|---|---|---|---|---|
| LUIS G. INCLAN | LUIS G. INCLAN | 001.642.4 P667i | 22244 | 1 | Libros |
| LUIS G. INCLAN | LUIS G. INCLAN | 001.642.4 P667i | 22245 | 2 | Libros |
| LUIS G. INCLAN | LUIS G. INCLAN | 001.642.4 P667i | 22246 | 3 | Libros |
